000 00818nam a2200217 a 4500
001 000026294
005 20250502073819.0
008 110310s1986 dr c r 000 0 spa d
040 _aDO-SdBNP
_bspa
_cBNPHU
082 _axxxx
_bR696t
100 1 _aRodríguez y Rodríguez, Alberto,
_d1929-
_953320
245 1 0 _aEn torno a Gastón /
_cAlberto Rodríguez y Rodríguez; prólogo José Rafael García Pascal.
260 _aSanto Domingo :
_bONAP,
_c1986.
300 _a95 p. :
_bretrs. ;
_c21 cm.
490 1 _aFeria del libro
500 _aIncluye datos biográficos del autor en las solapas
590 _aInventariado, 2019/BT
700 1 _aGarcía Pascal, José Rafael,
_epról.
_953321
710 1 _aRepública Dominicana.
_bOficina Nacional de Administración y Personal
_926398
830 0 _aFeria del libro
_953322
999 _c25786
_d25786